<?xml version="1.0" encoding="UTF-8"?><?xml-stylesheet type="text/xsl" href="static/style.xsl"?><OAI-PMH xmlns="http://www.openarchives.org/OAI/2.0/" xmlns:xsi="http://www.w3.org/2001/XMLSchema-instance" xsi:schemaLocation="http://www.openarchives.org/OAI/2.0/ http://www.openarchives.org/OAI/2.0/OAI-PMH.xsd"><responseDate>2026-04-14T14:09:30Z</responseDate><request verb="GetRecord" identifier="oai:uvadoc.uva.es:10324/2007" metadataPrefix="marc">https://uvadoc.uva.es/oai/request</request><GetRecord><record><header><identifier>oai:uvadoc.uva.es:10324/2007</identifier><datestamp>2023-04-21T07:35:46Z</datestamp><setSpec>com_10324_38</setSpec><setSpec>col_10324_852</setSpec></header><metadata><record xmlns="http://www.loc.gov/MARC21/slim" xmlns:doc="http://www.lyncode.com/xoai" xmlns:xsi="http://www.w3.org/2001/XMLSchema-instance" xmlns:dcterms="http://purl.org/dc/terms/" xsi:schemaLocation="http://www.loc.gov/MARC21/slim http://www.loc.gov/standards/marcxml/schema/MARC21slim.xsd">
<leader>00925njm 22002777a 4500</leader>
<datafield tag="042" ind1=" " ind2=" ">
<subfield code="a">dc</subfield>
</datafield>
<datafield tag="720" ind1=" " ind2=" ">
<subfield code="a">Antón Sierra, María Ángeles</subfield>
<subfield code="e">author</subfield>
</datafield>
<datafield tag="260" ind1=" " ind2=" ">
<subfield code="c">2012</subfield>
</datafield>
<datafield tag="520" ind1=" " ind2=" ">
<subfield code="a">Cada vez cobra más importancia la interdisciplinariedad en  la intervención socioeducativa.  Los cambios sociales y las problemáticas que se generan, hacen que sean muchas las formas que adopta la Educación Social buscando nuevas posibilidades de transformación .&#xd;
El Arte, en sus diversas manifestaciones, es a la vez instrumento de la educación, elemento de transformación social, constructor de subjetividades y un derecho cultural en peligro de ser vulnerado. Y en estas posibilidades de colaboración, cada vez se hace más imprescindible la incorporación de la pedagogía de género a los modos de hacer, si nuestro objetivo sigue siendo los cambios estructurales y en consecuencia: la equidad. &#xd;
En el presente trabajo se expone un mapa de experiencias que relaciona la Educación, el Arte y las teorías de Género y se ha diseñado un Proyecto de intervención socioeducativa a través del arte contemporáneo a personas adultas.</subfield>
</datafield>
<datafield tag="024" ind2=" " ind1="8">
<subfield code="a">http://uvadoc.uva.es/handle/10324/2007</subfield>
</datafield>
<datafield ind1=" " ind2=" " tag="653">
<subfield code="a">Arte moderno-Aspecto educativo</subfield>
</datafield>
<datafield ind1=" " ind2=" " tag="653">
<subfield code="a">Coeducación</subfield>
</datafield>
<datafield tag="245" ind1="0" ind2="0">
<subfield code="a">Educación Social y Arte desde una perspectiva de género</subfield>
</datafield>
</record></metadata></record></GetRecord></OAI-PMH>